| 000 | 00848cam a22002774a 4500 | ||
|---|---|---|---|
| 003 | UPN | ||
| 005 | 20240910063908.0 | ||
| 008 | 991125s1987 mx a cr 000 f spa d | ||
| 020 | _a9700000079 | ||
| 035 | _aUPN01000012531 | ||
| 040 |
_aMX-MxUPN _bspa _cMX-MxUPN |
||
| 049 | _aCG | ||
| 050 | 1 | 4 |
_aPR6061 E77 _bC83 |
| 100 | 1 |
_aKerr, Judith, _d1923-2019 _943512 |
|
| 245 | 1 | 0 | _aCuando Hitler robó el conejo rosa |
| 260 |
_aMéxico : _bSEP : _bAlfaguara, _c1987. |
||
| 300 |
_a264 páginas : _bilustraciones |
||
| 490 | 0 |
_aJuvenil Alfaguara ; _v7 |
|
| 500 | _aEn la portada: "Ilustraciones de la autora" | ||
| 500 | _aTraducción de: When Hitler stole pink rabbit | ||
| 650 | 4 |
_aLiteratura juvenil alemana _912357 |
|
| 700 | 1 |
_944645 _aBalseiro, María Luisa _etraductora |
|
| 905 | _aLibro | ||
| 942 |
_2lcc _cLIBRO |
||
| 999 |
_c12531 _d12531 |
||